00422nam a2200157Ia 4500003000400000008004200004020001500046040001600061082001700077100001900094245003300113260003600146300002100182650003400203650002700237GCL140319s9999 xx 000 0 aFre d a2213015457 aGCL / cGCL04a944.035bL L1 aLEVER, EVELYNE10aLOUIS XV1 / cLEVER, EVELYNE aفرنسا : bFAYARD ، c1985 a22 CM ؛ c665 P04aFRANCE - HISTORY - REVOLUTION04aLOUIS XIV, 1643 - 1715